Jedi Council Members: Sudden Death - Statistics

General Stats
  • This quiz has been taken 165 times
  • The average score is 6 of 16
Answers on the Grid
Answers color-coded by a green-red scale on the quiz's grid according to % correct below.
Yoda
Mace Windu
Ki-Adi-Mundi
Plo Koon
SaeSee Tiin
Obi-Wan Kenobi
Kit Fisto
Shaak Ti
Agen Kolar
Stass Allie
Coleman Kcaj
Anakin Skywalker
Yarael Poof
Coleman Trebor
Eeth Koth
Even Piell
Dooku
Quinlan Vos
Qui-Gon Jinn
Luminara Unduli
Bariss Offee
Ahsoka Tano
Aayla Secura
Pong Krell
 
Answer Stats
Answer % Correct
Yoda
68%
Obi-Wan Kenobi
67%
Ki-Adi-Mundi
57%
Mace Windu
57%
Plo Koon
54%
Kit Fisto
44%
Anakin Skywalker
40%
Shaak Ti
39%
Yarael Poof
30%
Coleman Trebor
28%
SaeSee Tiin
25%
Even Piell
23%
Agen Kolar
21%
Coleman Kcaj
21%
Eeth Koth
21%
Stass Allie
16%
No matching quizzes found
Score Distribution
Percent of People with Each Score
Percentile by Number Answered
Your Score History
You have not taken this quiz